LEADER 01670cam0-22006011i-450- 001 990007079210403321 005 20110829081307.0 010 $a88-15-07606-9 035 $a000707921 035 $aFED01000707921 035 $a(Aleph)000707921FED01 035 $a000707921 100 $a20020508d2000----km-y0itay50------ba 101 0 $aita 102 $aIT 105 $ay-------001yy 200 1 $a<>istituzioni della globalizzazione$ediritto e diritti nella società transnazionale$fMaria Rosaria Ferrarese 210 $aBologna$cil Mulino$d2000 215 $a225 p.$d21 cm 225 1 $aSaggi$v519 610 0 $aDiritti della persona 610 0 $aDiritto internazionale 610 0 $aCommercio internazionale 610 0 $aEconomia$aInternazionalizzazione$aAspetti giuridici 676 $a340.1$v21$zita 676 $a330 676 $a337$v20$zita 676 $a341 700 1$aFerrarese,$bMaria Rosaria$044090 801 0$aIT$bUNINA$gRICA$2UNIMARC 901 $aBK 912 $a990007079210403321 952 $aDP XXXIII-236$b352$fDEC 952 $aII H 23$b6931 ddr$fDDR 952 $aDPR 29/866$b20730$fDEC 952 $a21-DA-98$b11904$fDDCP 952 $aVI 223a$b4107$fDDCIC 952 $aVI 223b$b4425$fDDCIC 952 $aXI DU F 1$fDFD 952 $a340.1 FER 3$bBibl. 44965$fFLFBC 952 $aL 79$bs.i.$fDSI 952 $a10 A I 276$bDIEL 2986$fDINEL 959 $aDEC 959 $aFLFBC 959 $aDDR 959 $aDSI 959 $aDEC 959 $aDDCP 959 $aDDCIC 959 $aDFD 959 $aDINEL 996 $aIstituzioni della globalizzazione$938242 997 $aUNINA LEADER 00959cam--2200349---450 001 990001429040203316 005 20200416105034.0 035 $a000142904 035 $aUSA01000142904 035 $a(ALEPH)000142904USA01 035 $a000142904 100 $a20040217d1982----km-y0itay0103----ba 101 0 $aita 102 $aIT 105 $a||||||||001yy 200 1 $aAntropologia del cinema$fMassimo Canevacci 210 $aMilano$cFeltrinelli$d1982 215 $a171 p.$d18 cm 225 2 $aUniversale Economica$v960 410 0$12001$aUniversale Economica$v960 606 0 $aCinema 676 $a791.43 700 1$aCANEVACCI,$bMassimo$039837 801 0$aIT$bsalbc$gISBD 912 $a990001429040203316 951 $aXIII.2. 11(VARIE coll 21/960)$b10560 L.M.$cVARIE coll 951 $aXVII A. 297$b94 DLAS$cXVII A.$d375637 959 $aBK 969 $aUMA 969 $aCAS 996 $aAntropologia del cinema$9505588 997 $aUNISA